000 00833cab a2200265 4500
001 ABS37901
008 090401t1987 xxu||||| |||| 00| 0 eng d
035 _a(Sirsi) u7502
041 _aeng
100 _aCrowter, H.
245 _aSubcontract adjudication
260 _c1987
350 _a0
490 _aChartered Quantity Surveyor
_v9(11) July 1987, 17-18(2)
520 _aDiscusses subcontract adjudication under the contracts NSC/4 , DOM/1 and NAM/SC , before looking at amendments proposed by the JCT .
650 _aBUILT ENVIRONMENT-BUILDING CONTRACT FORMS
650 _aCLAIMS
650 _aDOM/1
650 _aNAM/SC
650 _aJCT STANDARD FORM OF NOMINATED SUB-CONTRACT (1980 EDITION)
650 _aSET OFF
690 _aBUILT ENVIRONMENT-BUILDING CONTRACT FORMS
942 _n0
948 _c04/03/1997
999 _c4540
_d4540